NFL Top 100 Players of 2015 - Statistics

General Stats
  • This quiz has been taken 4 times
  • The average score is 52 of 100
Answer Stats
Spot Pos. Player % Correct
2 QB Aaron Rodgers
100%
62 RB Adrian Peterson
100%
7 QB Andrew Luck
100%
8 WR Antonio Brown
100%
26 QB Ben Roethlisberger
100%
73 QB Cam Newton
100%
30 QB Drew Brees
100%
40 OT Jason Peters
100%
1 DE J. J. Watt
100%
13 WR Julio Jones
100%
41 S Kam Chancellor
100%
14 LB Luke Kuechly
100%
9 RB Marshawn Lynch
100%
19 CB Patrick Peterson
100%
5 QB Peyton Manning
100%
11 CB Richard Sherman
100%
10 TE Rob Gronkowski
100%
22 QB Russell Wilson
100%
54 WR Steve Smith
100%
3 QB Tom Brady
100%
36 OT Tyron Smith
100%
57 WR Brandon Marshall
75%
6 WR Calvin Johnson
75%
17 CB Darrelle Revis
75%
4 RB DeMarco Murray
75%
20 WR Demaryius Thomas
75%
50 WR DeSean Jackson
75%
15 WR Dez Bryant
75%
21 S Earl Thomas
75%
28 DT Gerald McCoy
75%
93 TE Jason Witten
75%
31 TE Jimmy Graham
75%
25 OT Joe Thomas
75%
18 WR Jordy Nelson
75%
91 WR Julian Edelman
75%
45 TE Julius Thomas
75%
29 RB LeSean McCoy
75%
16 RB Le'Veon Bell
75%
77 QB Matt Ryan
75%
75 WR Mike Evans
75%
24 DE Ndamukong Suh
75%
32 WR Odell Beckham Jr.
75%
35 WR T. Y. Hilton
75%
33 LB Von Miller
75%
92 DT Aaron Donald
50%
98 K Adam Vinatieri
50%
95 WR Emmanuel Sanders
50%
85 WR Golden Tate
50%
89 TE Greg Olsen
50%
97 QB Joe Flacco
50%
71 LB Julius Peppers
50%
72 DT Kyle Williams
50%
68 WR Larry Fitzgerald
50%
56 LB Lavonte David
50%
42 DE Mario Williams
50%
48 RB Matt Forte
50%
43 QB Philip Rivers
50%
100 WR Randall Cobb
50%
84 LB Terrell Suggs
50%
34 QB Tony Romo
50%
47 OT Trent Williams
50%
59 CB Vontae Davis
50%
37 WR A. J. Green
25%
52 TE Antonio Gates
25%
80 RB Arian Foster
25%
69 LB Bobby Wagner
25%
99 DE Calais Campbell
25%
39 DE Cameron Wake
25%
64 S Charles Woodson
25%
51 LB Clay Matthews
25%
81 RB Darren Sproles
25%
87 LB DeMarcus Ware
25%
60 RB Eddie Lacy
25%
46 LB Elvis Dumervil
25%
86 S Eric Weddle
25%
82 DT Haloti Ngata
25%
12 RB Jamaal Charles
25%
61 WR Jeremy Maclin
25%
49 LB Khalil Mack
25%
83 C Maurkice Pouncey
25%
38 CB Brent Grimes
0%
94 LB C. J. Mosley
0%
58 LB Connor Barwin
0%
66 LB DeAndre Levy
0%
88 S Glover Quin
0%
63 DE Jerry Hughes
0%
23 CB Joe Haden
0%
96 DE Jurrell Casey
0%
65 RB Justin Forsett
0%
27 LB Justin Houston
0%
53 DT Marcell Dareus
0%
79 OG Marshal Yanda
0%
90 DE Michael Bennett
0%
74 DE Muhammad Wilkerson
0%
44 DE Robert Quinn
0%
78 LB Ryan Kerrigan
0%
76 DT Sen'Derrick Marks
0%
55 DE Sheldon Richardson
0%
70 LB Tamba Hali
0%
67 S Tashaun Gipson
0%
No matching quizzes found
Score Distribution
Percent of People with Each Score
Percentile by Number Answered
Your Score History
You have not taken this quiz